000
00294nam a2200121Ia 4500
008
190216s9999||||xx |||||||||||||| ||und||
100
_a
Garg. G.L And Rajeev Garg
245
0
_a
Hindi- Sabke Liye Swasthya
260
_b
Krane Publication
_c
2008
300
_a
139
650
_a
Hindi
942
_c
BK
999
_c
16553
_d
16553